00905nam a2200313 u 450000100070000000500170000700800410002402000150006503500110008003500210009104000130011204100080012508200080013310000290014124500490017025000110021926000390023030000180026965000240028765000220031165000340033365000240036765000290039165000320042065000230045265000370047570000490051270000300056184919420260506152136.0031008e19830202 eng  a0387967907 a849194 a(OCoLC)630165136 ccomduadb aeng 4a51010aAbraham, Ralph4auteaut10aManifolds, tensor analysis, and applications a2. ed. aEstados Unidos :bSpringer,c1983. a654 páginas 7aMatemáticas2lemb aCalculo tensorial 7aAnálisis matemático2lemb 7aTopología2armarc 7aEspacios de Banach2lemb 7aCálculo diferencial2lemb aCampos vectoriales aSistemas dinamicos (Matematicas)10aMarsden, Jerrold Eldon,d1942-20104auteaut10aRatiu, Tudor S.4auteaut